000
00288 a2200121 4500
001
64428
082
_a
005.133 SCO
090
_c
38057
_d
38057
100
_a
Scoll, R.P
245
_a
PC Learning Labs Teaches Microsoft Visual Basic 4.0
260
_c
BPB Publications
300
_a
336p
942
_a
CAE NUST
_k
005.133 SCO
999
_c
299501
_d
299501